| 000 -ლიდერი |
| ფიქსირებული სიგრძის საკონტროლო ველი |
01071nam a2200229Ia 4500 |
| 001 - საკონტროლო ნომერი |
| საკონტროლო ველი |
20308 |
| 003 - საკონტროლო ნომრის იდენტიფიკატორი |
| საკონტროლო ველი |
GE_BSU |
| 005 - ბოლო ოპერაციის თარიღი და დრო |
| საკონტროლო ველი |
20200905214659.0 |
| 008 - ფიქსირებული სიგრძის მონაცემთა ელემენტები - ზოგადი ინფორმაცია |
| ფიქსირებული სიგრძის საკონტროლო ველი |
181216s1975||||ge |||||||||||||| ||geo|| |
| 040 ## - კატალოგიზაციის წყარო |
| Transcribing agency |
GE_BSU |
| 041 ## - ენის კოდი |
| Language code of text/sound track or separate title |
geo |
| 080 ## - უნივერსალური ათობითი კლასიფიკაციის ინდექსი |
| Universal Decimal Classification number |
81(063) თ-11 |
| 245 ## - ცნობა სათაურის შესახებ |
| Title |
თბილისის სახელმწიფო უნივერსიტეტის შრომები 1975 ტ. 164 : |
| Remainder of title |
ენათმეცნიერება / |
| Statement of responsibility, etc |
რედ. ივ. ქავთარაძე. |
| 264 ## - წარმოების, გამოცემის, დისტრიბუციის და სხვა ცნობები |
| გამოცემის, წარმოების, დისტრიბუციის... ადგილი |
თბილისი : |
| გამოცემის, წარმოების, დისტრიბუციის... სახელწოდება |
თბილისის უნ-ტის გამ-ბა, |
| გამოცემის, წარმოების, დისტრიბუციის... თარიღი |
1975. |
| 300 ## - ფიზიკური აღწერა |
| Extent |
188 გვ. ; |
| Dimensions |
27 სმ. |
| 546 ## - LANGUAGE NOTE |
| Language note |
ტექსტი ქართულ და რუსულ ენებზე |
| 653 ## - INDEX TERM--UNCONTROLLED |
| Uncontrolled term |
თბილისის სახელმწიფო უნივერსიტეტის შრომები |
| 653 ## - INDEX TERM--UNCONTROLLED |
| Uncontrolled term |
ენათმეცნიერება |
| 700 ## - ADDED ENTRY--PERSONAL NAME |
| Personal name |
ქავთარაძე, ივ. |
| Relator term |
რედაქტორი |
| 9 (RLIN) |
9401 |
| 942 ## - ADDED ENTRY ELEMENTS (KOHA) |
| Koha item type |
წიგნი |
| Source of classification or shelving scheme |
|